Asdfmovie quiz - Statistics

General Stats
  • This quiz has been taken 527 times
  • The average score is 11 of 15
Answer Stats
Hint Answer % Correct
Everybody do the ........ Flop
93%
i like ........ trains
92%
die .......... potato
90%
honey why is the ....... on fire? baby
88%
i'm gonna do an ..........! Internet
84%
i'll save you! ........... powers activate! tree
83%
.......... the moon bear Desmond
80%
No because i work at ze ............ factory! muffin
75%
they said i could never teach a ....... to fly! Llama
74%
watch out he's got a .........! nose
72%
quick! ........ me in the face! shoot
71%
Hey man look at my new ....... Dog
68%
hey! check out my new ...........! camera
57%
do you ever get tired of being ...........? random
49%
buy me more ..................! jewellery
35%
No matching quizzes found
Score Distribution
Percent of People with Each Score
Percentile by Number Answered
Your Score History
You have not taken this quiz